000 00663nam a2200169 i 4500
001 30671
003 ES-MaACL
005 20230906154232.0
007 t|
008 030127s1921 sp ||||1| spa d
245 0 0 _aColección de las memorias o relaciones que escribieron los virreyes del Perú acerca del estado en que dejaban las cosas generales del Reino /
_cRicardo Beltrán y Rózpide.
260 _aMadrid :
_b[s.n.],
_c1921 (
_fImp. del Asilo de Huérfanos del S.C. de Jesús)
300 _a304 p. ;
_c29 cm.
651 4 _aPerú-
_xHistoria-
_y1548-1820, Epoca colonial.
_99225
700 1 _aBeltrán y Rózpide, Ricardo.
_927381
852 _aES-MaACL
_jC-2781
999 _c30671
_d30671